| 000 | 00519nam a2200169 i 4500 | ||
|---|---|---|---|
| 001 | 58344 | ||
| 003 | ES-MaACL | ||
| 005 | 20230906163803.0 | ||
| 007 | t| | ||
| 008 | 031022s1906 fr ||||1| fre d | ||
| 100 | 1 |
_aLorrain, Jean. _974232 |
|
| 245 | 1 | 0 |
_aHeures de villes d'eaux _b: madame Monpalou / _cJean Lorrain. |
| 250 | _a6eme ed. | ||
| 260 |
_aParis : _bSociété d'Editions Litteraires et Artistiques, _c1906 ( _eChatillon sur Seine : _fA. Pichat) |
||
| 300 |
_a314 p. ; _c18 cm. |
||
| 852 |
_aES-MaACL _jF-1353 |
||
| 999 |
_c58344 _d58344 |
||